000 00655nam a2200277Ia 4500
005 20260324150800.0
008 008 260324s9999 xx 000 0 eng d
020 _a9781003478232
037 _aEBOOK
040 _aCRL
040 _beng
040 _cCRL
041 _2eng
041 _aeng
084 _qCRL
100 _aM. Cary; T.J. Haarhof
_91227585
245 0 _aLife and Thought in the Greek and Roman World
260 _bTaylor and Francis
260 _c1940
365 _a
365 _b170
856 _uhttp://www.taylorfrancis.com/books/9781003478232
942 _cEBOOK
999 _c1837668
_d1837668